<?xml version="1.0" encoding="UTF-8"?>
<record
    xmlns:xsi="http://www.w3.org/2001/XMLSchema-instance"
    xsi:schemaLocation="http://www.loc.gov/MARC21/slim http://www.loc.gov/standards/marcxml/schema/MARC21slim.xsd"
    xmlns="http://www.loc.gov/MARC21/slim">

  <leader>02980ngm a2200457   4500</leader>
  <controlfield tag="003">dpl</controlfield>
  <controlfield tag="005">20100306111929.0</controlfield>
  <controlfield tag="007">DVD</controlfield>
  <controlfield tag="008">||||||sp199   xxu|||||c |||  00| 0 ng d </controlfield>
  <datafield tag="010" ind1=" " ind2=" ">
    <subfield code="a">DVD-006061-6066 &amp; DVDF-006413-6415</subfield>
  </datafield>
  <datafield tag="024" ind1=" " ind2=" ">
    <subfield code="c">69.00</subfield>
  </datafield>
  <datafield tag="035" ind1=" " ind2=" ">
    <subfield code="a">DVD-006061-6066</subfield>
  </datafield>
  <datafield tag="035" ind1=" " ind2=" ">
    <subfield code="a">DVD-006413-6415</subfield>
  </datafield>
  <datafield tag="040" ind1=" " ind2=" ">
    <subfield code="a">DPL</subfield>
    <subfield code="c">DPL</subfield>
  </datafield>
  <datafield tag="082" ind1=" " ind2=" ">
    <subfield code="a">DVD SIXT</subfield>
  </datafield>
  <datafield tag="245" ind1=" " ind2=" ">
    <subfield code="a">16th December</subfield>
    <subfield code="c">IDream Production Presents</subfield>
    <subfield code="h">[videorecording] DVD/</subfield>
  </datafield>
  <datafield tag="246" ind1=" " ind2=" ">
    <subfield code="a">Sixteenth  December</subfield>
  </datafield>
  <datafield tag="260" ind1=" " ind2=" ">
    <subfield code="b">Eagle Home Entertainment</subfield>
  </datafield>
  <datafield tag="300" ind1=" " ind2=" ">
    <subfield code="a">1 videodisc DVD;</subfield>
    <subfield code="b">sd., col. ;</subfield>
    <subfield code="c">4 3/4 in.</subfield>
    <subfield code="f">DVD</subfield>
  </datafield>
  <datafield tag="440" ind1=" " ind2=" ">
    <subfield code="a">Eagle Video Home Entertainment</subfield>
  </datafield>
  <datafield tag="538" ind1=" " ind2=" ">
    <subfield code="a">Dolby Digital 5.1 - Hindi Subtitles: English</subfield>
  </datafield>
  <datafield tag="650" ind1=" " ind2=" ">
    <subfield code="a">Motion Picture</subfield>
  </datafield>
  <datafield tag="700" ind1=" " ind2=" ">
    <subfield code="a">Shankar, Mani</subfield>
  </datafield>
  <datafield tag="700" ind1=" " ind2=" ">
    <subfield code="a">Denzongpa, Danny</subfield>
  </datafield>
  <datafield tag="700" ind1=" " ind2=" ">
    <subfield code="a">Grover, Gulshan</subfield>
  </datafield>
  <datafield tag="700" ind1=" " ind2=" ">
    <subfield code="a">Soman, Milind</subfield>
  </datafield>
  <datafield tag="700" ind1=" " ind2=" ">
    <subfield code="a">Singh, Sushant</subfield>
  </datafield>
  <datafield tag="700" ind1=" " ind2=" ">
    <subfield code="a">Sharma, Dipannita</subfield>
  </datafield>
  <datafield tag="942" ind1=" " ind2=" ">
    <subfield code="c">CF</subfield>
    <subfield code="2">ddc</subfield>
    <subfield code="h">DVD</subfield>
    <subfield code="m">SIXT</subfield>
  </datafield>
  <datafield tag="999" ind1=" " ind2=" ">
    <subfield code="c">34454</subfield>
    <subfield code="d">34454</subfield>
  </datafield>
  <datafield tag="952" ind1=" " ind2=" ">
    <subfield code="0">0</subfield>
    <subfield code="1">0</subfield>
    <subfield code="2">ddc</subfield>
    <subfield code="4">0</subfield>
    <subfield code="7">0</subfield>
    <subfield code="a">L</subfield>
    <subfield code="b">L</subfield>
    <subfield code="d">2010-03-06</subfield>
    <subfield code="e">Pioneers/1003/28-11-09/325/13-10-09 /30-11-09 </subfield>
    <subfield code="g">69.00</subfield>
    <subfield code="l">25</subfield>
    <subfield code="o">DVD SIXT</subfield>
    <subfield code="p">DVD-006061</subfield>
    <subfield code="r">2012-11-06 00:00:00</subfield>
    <subfield code="s">2012-10-25</subfield>
    <subfield code="t">1</subfield>
    <subfield code="v">69.00</subfield>
    <subfield code="w">2010-03-06</subfield>
    <subfield code="y">CF</subfield>
  </datafield>
  <datafield tag="952" ind1=" " ind2=" ">
    <subfield code="0">0</subfield>
    <subfield code="1">0</subfield>
    <subfield code="2">ddc</subfield>
    <subfield code="4">0</subfield>
    <subfield code="7">0</subfield>
    <subfield code="a">BL1</subfield>
    <subfield code="b">BL1</subfield>
    <subfield code="d">2010-03-06</subfield>
    <subfield code="e">Pioneers/1003/28-11-09/325/13-10-09 /30-11-09 </subfield>
    <subfield code="g">69.00</subfield>
    <subfield code="l">4</subfield>
    <subfield code="o">DVD SIXT</subfield>
    <subfield code="p">DVD-006062</subfield>
    <subfield code="r">2011-07-20 00:00:00</subfield>
    <subfield code="s">2011-07-18</subfield>
    <subfield code="t">1</subfield>
    <subfield code="v">69.00</subfield>
    <subfield code="w">2010-03-06</subfield>
    <subfield code="y">CF</subfield>
  </datafield>
  <datafield tag="952" ind1=" " ind2=" ">
    <subfield code="0">0</subfield>
    <subfield code="1">0</subfield>
    <subfield code="2">ddc</subfield>
    <subfield code="4">0</subfield>
    <subfield code="7">0</subfield>
    <subfield code="a">ZLS</subfield>
    <subfield code="b">ZLS</subfield>
    <subfield code="d">2010-03-06</subfield>
    <subfield code="e">Pioneers/1003/28-11-09/325/13-10-09 /30-11-09 </subfield>
    <subfield code="g">69.00</subfield>
    <subfield code="l">11</subfield>
    <subfield code="m">1</subfield>
    <subfield code="o">DVD SIXT</subfield>
    <subfield code="p">DVD-006063</subfield>
    <subfield code="r">2014-11-24 00:00:00</subfield>
    <subfield code="s">2014-11-08</subfield>
    <subfield code="t">1</subfield>
    <subfield code="v">69.00</subfield>
    <subfield code="w">2010-03-06</subfield>
    <subfield code="y">CF</subfield>
  </datafield>
  <datafield tag="952" ind1=" " ind2=" ">
    <subfield code="0">0</subfield>
    <subfield code="1">0</subfield>
    <subfield code="2">ddc</subfield>
    <subfield code="4">0</subfield>
    <subfield code="7">0</subfield>
    <subfield code="a">RKP</subfield>
    <subfield code="b">RKP</subfield>
    <subfield code="d">2010-03-06</subfield>
    <subfield code="e">Pioneers/1003/28-11-09/325/13-10-09 /30-11-09 </subfield>
    <subfield code="g">69.00</subfield>
    <subfield code="l">1</subfield>
    <subfield code="o">DVD SIXT</subfield>
    <subfield code="p">DVD-006064</subfield>
    <subfield code="r">2011-03-25 00:00:00</subfield>
    <subfield code="s">2011-03-21</subfield>
    <subfield code="t">1</subfield>
    <subfield code="v">69.00</subfield>
    <subfield code="w">2010-03-06</subfield>
    <subfield code="y">CF</subfield>
  </datafield>
  <datafield tag="952" ind1=" " ind2=" ">
    <subfield code="0">0</subfield>
    <subfield code="1">0</subfield>
    <subfield code="2">ddc</subfield>
    <subfield code="4">0</subfield>
    <subfield code="7">0</subfield>
    <subfield code="a">VP</subfield>
    <subfield code="b">VP</subfield>
    <subfield code="d">2010-03-06</subfield>
    <subfield code="e">Pioneers/1003/28-11-09/325/13-10-09 /30-11-09 </subfield>
    <subfield code="g">69.00</subfield>
    <subfield code="l">5</subfield>
    <subfield code="o">DVD SIXT</subfield>
    <subfield code="p">DVD-006065</subfield>
    <subfield code="r">2014-05-10 00:00:00</subfield>
    <subfield code="s">2014-04-29</subfield>
    <subfield code="t">1</subfield>
    <subfield code="v">69.00</subfield>
    <subfield code="w">2010-03-06</subfield>
    <subfield code="y">CF</subfield>
  </datafield>
  <datafield tag="952" ind1=" " ind2=" ">
    <subfield code="0">0</subfield>
    <subfield code="1">0</subfield>
    <subfield code="2">ddc</subfield>
    <subfield code="4">0</subfield>
    <subfield code="7">0</subfield>
    <subfield code="a">BL3</subfield>
    <subfield code="b">BL3</subfield>
    <subfield code="d">2010-03-06</subfield>
    <subfield code="e">Pioneers/1003/28-11-09/325/13-10-09 /30-11-09 </subfield>
    <subfield code="g">69.00</subfield>
    <subfield code="l">7</subfield>
    <subfield code="o">DVD SIXT</subfield>
    <subfield code="p">DVD-006066</subfield>
    <subfield code="r">2014-09-26 00:00:00</subfield>
    <subfield code="s">2014-09-11</subfield>
    <subfield code="t">1</subfield>
    <subfield code="v">69.00</subfield>
    <subfield code="w">2010-03-06</subfield>
    <subfield code="y">CF</subfield>
  </datafield>
  <datafield tag="952" ind1=" " ind2=" ">
    <subfield code="0">0</subfield>
    <subfield code="1">0</subfield>
    <subfield code="2">ddc</subfield>
    <subfield code="4">0</subfield>
    <subfield code="7">0</subfield>
    <subfield code="a">NR</subfield>
    <subfield code="b">NR</subfield>
    <subfield code="d">2010-03-11</subfield>
    <subfield code="e">Pioneers/1099/25-12-09/325/13-10-09 /30-12-09 </subfield>
    <subfield code="g">69.00</subfield>
    <subfield code="l">5</subfield>
    <subfield code="o">DVD SIXT</subfield>
    <subfield code="p">DVD-006413</subfield>
    <subfield code="r">2013-02-18 00:00:00</subfield>
    <subfield code="s">2013-02-12</subfield>
    <subfield code="t">1</subfield>
    <subfield code="v">69.00</subfield>
    <subfield code="w">2010-03-11</subfield>
    <subfield code="y">CF</subfield>
  </datafield>
  <datafield tag="952" ind1=" " ind2=" ">
    <subfield code="0">0</subfield>
    <subfield code="1">0</subfield>
    <subfield code="2">ddc</subfield>
    <subfield code="4">0</subfield>
    <subfield code="7">0</subfield>
    <subfield code="a">BL4</subfield>
    <subfield code="b">BL4</subfield>
    <subfield code="d">2010-03-11</subfield>
    <subfield code="e">Pioneers/1099/25-12-09/325/13-10-09 /30-12-09 </subfield>
    <subfield code="g">69.00</subfield>
    <subfield code="l">0</subfield>
    <subfield code="o">DVD SIXT</subfield>
    <subfield code="p">DVD-006414</subfield>
    <subfield code="r">2010-03-11 00:00:00</subfield>
    <subfield code="t">1</subfield>
    <subfield code="v">69.00</subfield>
    <subfield code="w">2010-03-11</subfield>
    <subfield code="y">CF</subfield>
  </datafield>
  <datafield tag="952" ind1=" " ind2=" ">
    <subfield code="0">0</subfield>
    <subfield code="1">0</subfield>
    <subfield code="2">ddc</subfield>
    <subfield code="4">0</subfield>
    <subfield code="7">0</subfield>
    <subfield code="a">JP</subfield>
    <subfield code="b">JP</subfield>
    <subfield code="d">2010-03-11</subfield>
    <subfield code="e">Pioneers/1099/25-12-09/325/13-10-09 /30-12-09 </subfield>
    <subfield code="g">69.00</subfield>
    <subfield code="l">17</subfield>
    <subfield code="m">1</subfield>
    <subfield code="o">DVD SIXT</subfield>
    <subfield code="p">DVD-006415</subfield>
    <subfield code="r">2013-05-07 00:00:00</subfield>
    <subfield code="s">2013-04-23</subfield>
    <subfield code="t">1</subfield>
    <subfield code="v">69.00</subfield>
    <subfield code="w">2010-03-11</subfield>
    <subfield code="y">CF</subfield>
  </datafield>
</record>
